| 000 | 00552nam a2200205 a 4500 | ||
|---|---|---|---|
| 005 | 20140311163014.0 | ||
| 008 | 060908s19uu xx 00 eng d | ||
| 020 | _a0155059580 | ||
| 050 |
_aN 7433.83 _b.Ar75 2006 |
||
| 100 | _aArntson, Amy E. | ||
| 245 |
_aDigital design: _bbasics. / |
||
| 260 |
_aAustralia : _bThomson Wadsworth, _c2006. |
||
| 300 |
_a212 p. : _bcol. ill. ; _c27 cm. |
||
| 650 | _aDigital art. | ||
| 650 | _aDesign. | ||
| 650 | _aComputer art. | ||
| 650 | _aComputer-aided design. | ||
| 942 |
_cBK _2lcc _kFOR |
||
| 999 |
_c39399 _d39399 |
||